| 000 | 00386nam a22001457a 4500 | ||
|---|---|---|---|
| 082 |
_a530.2462 _bdun |
||
| 100 |
_aduncan, J. _939704 |
||
| 245 |
_aA text book of physics _cduncan, J. |
||
| 250 | _a2nd ed. | ||
| 260 |
_alondon _bmacmillan and company ltd _cc1955 |
||
| 300 |
_av, 749 _bill. _c20cm |
||
| 526 |
_a0 _b0 _c0 _d530_246200000000000_DUN |
||
| 650 |
_amce _9379 |
||
| 942 |
_2ddc _cBK |
||
| 999 |
_c544296 _d544296 |
||